| 000 | 01077nam a22002537a 4500 | ||
|---|---|---|---|
| 001 | 7658 | ||
| 003 | FISKH | ||
| 005 | 20250730094140.0 | ||
| 008 | 250730b cb ||||| |||| 00| 0 eng d | ||
| 040 |
_aFISKH _beng _cFISKH _dFISKH |
||
| 050 | _aPZ7 | ||
| 082 | _a428.6 | ||
| 100 | _aMoyes, Lesley | ||
| 245 |
_aSaturday morning / _cpictures by Lesley Moyes |
||
| 260 |
_aWellington : _bLearning Media, _c1996. |
||
| 300 |
_a12 pages : _bcolor illustrations ; _c21 cm |
||
| 505 | _aG | ||
| 520 | _aSaturday Morning follows a young child's simple yet joyful routine as they explore the activities of a typical weekend morning. From waking up to breakfast, helping around the house, and playing outside, the story uses everyday language and familiar settings to support early reading skills. With repetitive sentence patterns and engaging illustrations, it is ideal for beginner readers building confidence and fluency. | ||
| 521 | 8 |
_a300
_bLexile estimate |
|
| 521 | 8 |
_aG
_bRaz-Plus |
|
| 650 |
_aMorning _vFiction _xKids |
||
| 942 |
_2ddc _cBK _n0 |
||
| 999 |
_c7658 _d7658 |
||